DSM-IV-TR : manual diagnóstico y estadístico de los trastornos mentales : texto revisado /

Guardado en:
書目詳細資料
企業作者: American Psychiatric Association
其他作者: Frances, Allen (autor) (autor), First, Michael B. (autor) (autor), Pincus, Harold Alan (autor) (autor), López Ibor, Juan J. (dirección en español) (dirección en español)
格式: 圖書
語言:西班牙语
出版: Barcelona, España : Elsevier, 2008, c2002
叢編:(Biblioteca del DSM-IV-TR)
主題:
標簽: 添加標簽
沒有標簽, 成為第一個標記此記錄!

MARC

LEADER 00000nam^a2200000^a^4500
001 000395022
005 20250521000000.0
009 20260310121350.582
020 |a 978-84-458-1087-3 
037 |a Acervo ITESO - Biblioteca 
041 |a ESP 
082 |a 616. 89  |b DSM 4-TR MAN 
110 |a American Psychiatric Association 
240 1 1 |a [DSM] 
240 1 1 |a [DSM-IV-TR] 
245 1 0 |a DSM-IV-TR :  |b manual diagnóstico y estadístico de los trastornos mentales : texto revisado /  |c APA, A. Frances, M.B. First, H.A. Pincus ; dir. en español de J.J. López Ibor ; tr. de Tomás de Flores i Formenti... [et al.]. 
264 4 |a Barcelona, España :  |b Elsevier,  |c 2008, c2002 
300 |a XXXIII, 1049 p. 
336 |a texto  |b txt  |2 rdacontenido 
337 |a sin mediación  |b n  |2 rdamedio 
338 |a volumen  |b nc  |2 rdasoporte 
440 1 |a (Biblioteca del DSM-IV-TR) 
500 |a Traducción de: Diagnostic and Statistical Manual of Mental Disorders: DSM-IV-TR 
590 |a Traducción de la 4a edición en inglés 
649 |a XX 
650 |a Psicopatología -  |x Diagnóstico 
650 |a Psicopatología -  |x Manuales 
650 |a Salud Mental 
650 |a Psicología Clínica -  |x Manuales 
700 |a Frances, Allen  |e (autor) 
700 |a First, Michael B.  |e (autor) 
700 |a Pincus, Harold Alan  |e (autor) 
700 |a López Ibor, Juan J.  |e (dirección en español) 
910 |a Fondo General 
920 |a Impresos - Libros 
930 |a Reserva Especial 
905 |a 103 
901 |a 0500170675  |b IT1  |c REE  |i C  |u 20250521 
902 |a https://opac.biblio.iteso.mx/vufind/Record/000395022